| 000 | 01202nam a22002897a 4500 | ||
|---|---|---|---|
| 005 | 20251108164329.0 | ||
| 008 | 250721s2006 xx 000 0 ara d | ||
| 082 | 1 | 4 | _aم/ط/031/فرن |
| 100 | 1 |
_aفرنسيس، راغدة شربل _eمقدم |
|
| 245 | 1 | 0 |
_aموسوعة العلوم الحديثة : _bالعلوم العامة ، الكون و الارض ، المعلوماتية و الحواسيب و الإنترنيت WWW ، النباتات و الحيوانات ، جسم الانسان ،وسائل النقل . / |
| 246 | 1 | 1 | _aموسوعة العلوم الحديثة |
| 264 | 1 |
_aلبنان : _bدار الشمال للطباعة والنشر والتوزيع، _c2006. |
|
| 300 | _a6.ج | ||
| 650 | 1 | 7 | _aالموسوعات |
| 650 | 1 | 7 | _aالنقل |
| 650 | 1 | 7 | _aالنباتات |
| 650 | 1 | 7 | _aالحيوانات |
| 650 | 1 | 7 | _aالحواسيب |
| 650 | 1 | 7 | _aالعلوم و التكنولوجيا |
| 650 | 1 | 7 | _aجسم الانسان |
| 653 | _aناشاون صغار (10-14) سنه | ||
| 700 | 1 |
_aأسعد، كارول _eمقدم |
|
| 700 | 1 |
_aشربل، موريس _eمشرف |
|
| 700 | 1 |
_aالطبال، احمد علي _eمشرف |
|
| 942 |
_2ddc _cBK |
||
| 999 |
_c9507 _d9507 |
||